Land Beyond Promise (Record no. 15216)

MARC details
000 -LEADER
fixed length control field 00657nam a2200241 a 4500
020 ## - INTERNATIONAL STANDARD BOOK NUMBER
ISBN 186064X
082 00 - DEWEY DECIMAL CLASSIFICATION NUMBER
Classification number 956.94054
Author Cutter SHI
100 ## - MAIN ENTRY--AUTHOR NAME
Author name Shindler, Colin
245 ## - TITLE STATEMENT
Title Land Beyond Promise
Sub title Israel, Likud and the Zionist Dream
260 ## - PUBLICATION, DISTRIBUTION, ETC. (IMPRINT)
Place of publication London
Name of publisher I.B.Tauris & Co.Ltd
Year of publication 1995
300 ## - PHYSICAL DESCRIPTION
Number of Pages 824p
500 ## - GENERAL NOTE
General note includes index and biblioraphy
505 2# - FORMATTED CONTENTS NOTE
Formatted contents note Selected Bibliography, Index, Notes
650 ## - SUBJECT ADDED ENTRY--TOPICAL TERM
Topical Term Israel-History
942 ## - ADDED ENTRY ELEMENTS (KOHA)
Koha item type Books
700 1# -
-- Shindler, Colin
Holdings
Collection code Home library Current library Date acquired Cost, normal purchase price Full call number Accession Number Koha item type
  Henry Martyn Institute Library Henry Martyn Institute Library 07/18/2012 867.65 956.94054 SHI 020125 Books
                   Copyright © 2026 | Henry Martyn Institute | Hyderabad | TS-500052 | INDIA | Implemented by hmi.edu.in
Hit-Count:

Powered by Koha